| 000 | 00691nam a2200241 a 4500 | ||
|---|---|---|---|
| 001 | BRCA_5530 | ||
| 005 | 20190320205122.0 | ||
| 008 | 240311s1927----gw-a######---#000-0#ger-# | ||
| 041 | _ager | ||
| 044 | _agw | ||
| 050 | 4 |
_aNE674 _b.M37 1927 |
|
| 100 | 1 |
_aMasereel, Frans _d1889-1972 _914115 |
|
| 245 | 1 | 0 |
_aDie Idee _b83 Holzschnitte _cvon Frans Masereel ; einleitung von Hermann Hesse. |
| 260 |
_aMunich _bK. Wolff _c1927 |
||
| 300 |
_a18 p. _bil., 83 láminas _c15 cm. |
||
| 500 | _aEstado físico: Camisa deteriorada | ||
| 500 | _aF4 | ||
| 650 | 1 | 4 |
_aGrabados belgas _914116 |
| 650 | 1 | 4 |
_aGrabadores belgas _914117 |
| 700 | 1 |
_aHesse, Hermann _914118 |
|
| 902 | _aGFM | ||
| 942 |
_2lcc _cB |
||
| 999 |
_c5224 _d5224 |
||